Latest developments in procesing procedures (Record no. 52901)

MARC details
000 -LEADER
fixed length control field 00434nam a2200109Ia 4500
100 ## - MAIN ENTRY--AUTHOR NAME
Personal name Sebastian M.S.
245 #0 - TITLE STATEMENT
Title Latest developments in procesing procedures
260 ## - PUBLICATION, DISTRIBUTION, ETC. (IMPRINT)
Name of publisher Seminar on Technically Specified Rubber, 4 January 1996, Department of Processing and Product Development, Rubber Board, Kottayam, India.
Year of publication 1996
650 ## - SUBJECT ADDED ENTRY--TOPICAL TERM
Topical Term Technically specified rubber processing
942 ## - ADDED ENTRY ELEMENTS (KOHA)
Koha item type Bibliography STAF
Holdings
Withdrawn status Lost status Damaged status Not for loan Home library Current library Date acquired Koha item type
      Bibliography RRII Library RRII Library 09/04/2014 Bibliography STAF